It looks like you're offline.
Open Library logo
additional options menu

MARC Record from Scriblio

Record ID marc_records_scriblio_net/part11.dat:28480112:567
Source Scriblio
Download Link /show-records/marc_records_scriblio_net/part11.dat:28480112:567?format=raw

LEADER: 00567cam 2200193 i 4500
001 78349656 //r985
003 DLC
005 19980107081506.7
008 780510s1943 it 00010bita
010 $a 78349656 //r985
040 $aDLC$cDLC$dDLC
050 00 $aBX4700.A6$bS34 1943
100 10 $aSalvini, Alfonso.
245 00 $aSant'Antonio di Padova /$cAlfonso Salvini.
250 $a5. ed.
260 0 $a[Roma] :$bSocietà apostolato stampa,$cc1943.
300 $a227 p. ;$c19 cm.
600 00 $aAnthony,$cof Padua, Saint,$d1195-1231.
650 0 $aChristian saints$xBiography.